Statistics for Peter Jackson Films Quiz

Click here to take the quiz!

General Stats

  • This quiz has been taken 738 times
  • The average score is 7 of 13

Answer Stats

YearLeading Role(s)Film% Correct
2003Elijah WoodThe Lord Of The Rings: Return Of The King
93%
2002Elijah WoodThe Lord Of The Rings: The Two Towers
93%
2001Elijah WoodThe Lord Of The Rings: The Fellowship Of The Ring
92%
2012Martin FreemanThe Hobbit: An Unexpected Journey
85%
2013Martin FreemanThe Hobbit: There and Back Again
85%
2005Naomi Watts, Jack BlackKing Kong
81%
2009Mark WahlbergThe Lovely Bones
37%
1992Timothy BalmeBraindead
36%
1996Michael J. FoxThe Frighteners
36%
1994Kate Winslet, Melanie LynskeyHeavenly Creatures
34%
1987Terry PotterBad Taste
30%
1989Mark Hadlow (Voice)Meet The Feebles
24%
1995Peter JacksonForgotten Silver
12%

Score Distribution

Percentile by Number Answered

Percent of People with Each Score

Your Score History

You have not taken this quiz